De la Batllòria a la serra de can Puig /
Descripción Física:
1 fulletó desplegable : il. col. ; 21 x 10 cm
Colección:
Itineraris senyalitzats
; SL-C 70
Materias:
Parc del Montnegre i el Corredor (Catalunya) -- Guies
; Parcs Naturals -- Barcelona (Catalunya : Província) -- Guies
Idioma:
Catalán
MARC
| LEADER | 00000nam a2200000 a 4500 | ||
|---|---|---|---|
| 001 | 25296 | ||
| 008 | 211129b spa||||| |||| 00| 0 cat d | ||
| 017 | |a DL B 20532-2019 | ||
| 080 | |a FU- | ||
| 110 | |a Parc del Montnegre i el Corredor (Catalunya) |9 10204 | ||
| 245 | |a De la Batllòria a la serra de can Puig / |c Parc del Montnegre i el Corredor | ||
| 260 | |a Barcelona : |b Diputació de Barcelona. Xarxa de Parcs Naturals, |c 2019 | ||
| 300 | |a 1 fulletó desplegable : |b il. col. ; |c 21 x 10 cm | ||
| 490 | 1 | |a Itineraris senyalitzats ; |v SL-C 70 | |
| 500 | |a Mapa desplegable de l'itinerari de la Batllòria a la serra de can Puig | ||
| 610 | 0 | |a Parc del Montnegre i el Corredor (Catalunya) |v Guies |9 52679 | |
| 650 | 0 | |a Parcs Naturals |z Barcelona (Catalunya : Província) |v Guies |9 50316 | |
| 710 | 1 | |a Barcelona (Catalunya : Província). |b Xarxa de Parcs Naturals |9 7250 | |
| 830 | 0 | |a Itineraris senyalitzats |v SL-C 70 |9 55975 | |
| 942 | |2 udc |c ARXIU |n 1 | ||
| 952 | |0 0 |1 0 |2 udc |4 0 |6 FU681 |7 1 |9 61365 |a Arxiu |b Arxiu |d 2022-04-25 |o FU-68-1 |p 25296 |r 2022-04-25 00:00:00 |w 2022-04-25 |y ARXIU | ||
| 999 | |c 81326 |d 81326 | ||